| 000 | 00730nam a2200217Ii 4500 | ||
|---|---|---|---|
| 003 | JO-AjNU | ||
| 008 | 230605s9999||||xx |||||||||||||| ||und|| | ||
| 020 | _a978-614-415-013-9 | ||
| 040 |
_aJO-AjNU _bara _erda _cJO-AjNU |
||
| 041 | _aara | ||
| 050 | 1 | 4 | _aPJ6696 D3.2011 |
| 100 | 3 |
_aتأليف الدرويش، محيي الدين, _eauthor _943283 |
|
| 245 | 0 | 0 | _aإعراب القران الكريم وبيانه، م7 |
| 250 | _aط11 | ||
| 264 | 3 | 1 | _aدمشق،بيروت: دار ابن كثير، 2011 |
| 300 | _aم7، 576ص | ||
| 336 |
_atext _btxt _2rdacontent |
||
| 337 |
_aunmediated _bn _2rdamedia |
||
| 338 |
_avolume _bnc _2rdacarrier |
||
| 650 | 4 |
_aالقرآن -- إعراب -- القرآن -- بلاغة _943284 |
|
| 999 |
_aA18597 _c22165 _d22165 |
||